駅利用者数ランキングTOP100(京都府) - Statistics

General Stats
  • This quiz has been taken 344 times
  • The average score is 61 of 100
Answer Stats
駅名 利用者数 % Correct
1 京都 605996
99%
3 山科 106189
93%
10 二条 46346
93%
5 烏丸 74449
92%
24 宇治 24893
92%
18 三条 32953
89%
4 四条 101362
88%
14 38151
88%
6 京都河原町 66194
87%
11 出町柳 46280
87%
15 長岡京 36062
86%
7 烏丸御池 49352
85%
2 竹田 106740
84%
34 嵯峨嵐山 17080
82%
35 亀岡 16714
82%
13 丹波橋 39065
81%
78 福知山 8446
81%
17 東福寺 33690
80%
9 祇園四条 46778
79%
23 国際会館 24994
79%
65 木津 10390
79%
76 太秦 8516
78%
16 六地蔵 35484
77%
83 伏見 7879
77%
19 西大路 32356
76%
21 桂川 30380
76%
51 七条 13242
76%
56 嵐山 12327
75%
12 西院 43797
73%
100 九条 5980
73%
29 大宮 22510
72%
64 山崎 10396
72%
41 向日町 15438
71%
93 城陽 6642
70%
8 近鉄丹波橋 48523
68%
33 五条 17659
68%
38 太秦天神川 16042
68%
42 十条 15155
68%
61 中書島 11384
68%
28 三条京阪 22600
67%
31 長岡天神 21827
67%
75 園部 8538
66%
86 東寺 7217
66%
59 京田辺 12020
65%
89 神宮丸太町 6699
65%
22 今出川 25102
64%
52 御陵 12851
64%
68 清水五条 9782
64%
90 新田 6694
64%
53 伏見稲荷 12708
62%
85 梅小路京都西 7570
62%
25 京都市役所前 24404
61%
27 新田辺 22935
61%
40 円町 15538
61%
20 北大路 30508
59%
32 稲荷 18228
59%
48 13802
59%
60 東向日 11513
59%
71 西向日 9425
58%
99 くいな橋 5999
58%
88 二条城前 6866
56%
37 新祝園 16066
55%
39 東山 15864
55%
72 蹴上 9343
55%
46 桃山御陵前 14028
54%
55 丹波口 12620
54%
44 西京極 14598
53%
73 同志社前 9054
53%
84 花園 7578
53%
77 石清水八幡宮 8470
51%
47 北山 13849
50%
63 藤森 10826
49%
30 大久保 22040
48%
26 丸太町 23985
47%
58 醍醐 12029
46%
50 松井山手 13330
45%
54 西山天王山 12690
45%
57 洛西口 12033
45%
69 鞍馬口 9763
45%
74 伏見桃山 8632
45%
98 JR藤森 6126
44%
66 松ヶ崎 10316
42%
49 小倉 13342
41%
80 龍谷大前深草 8123
41%
81 上鳥羽口 8020
41%
78 馬堀 8446
40%
94 墨染 6548
38%
36 椥辻 16514
37%
67 西大路御池 10247
37%
91 小野 6650
36%
92 上桂 6648
35%
43 木幡 15154
34%
95 石田 6536
34%
45 向島 14554
33%
62 東野 11018
32%
97 伊勢田 6265
25%
87 寺田 7210
23%
70 興戸 9544
22%
82 三室戸 7925
19%
96 久津川 6364
17%
No matching quizzes found
Score Distribution
Percent of People with Each Score
Percentile by Number Answered
Your Score History
You have not taken this quiz